000 00757nam a2200253 i 4500
001 88812
003 ES-MaACL
005 20250804064859.0
007 t|
008 041209s1974 sp ||||1| spa d
020 _a84-279-0824-5
080 _a821.134.2-992"19"
080 _a914.671.2 Pallars(0:860-992)
100 1 _aCela, Camilo José,
_d1916-2002
_937336
245 1 0 _aViaje al Pirineo de Lérida /
_cCamilo José Cela.
250 _a4ª ed.
260 _aBarcelona :
_bNoguer,
_c1974.
300 _a244 p. ;
_c18 cm.
490 1 _aLibros de bolsillo Noguer ;
_v20
651 4 _aPallars (Lérida, Comarca)-
_xDescripción.
_9155940
830 1 0 _aLibros de bolsillo Noguer
_v20
_9181960
852 4 _aES-MaACL
_jE-10649
999 _c88812
_d88812